000 00727nam a2200277Ia 4500
008 220204s9999 xx 000 0 und d
082 _aNR:633.912.11
_bLIY
245 2 _aA practical guide to rubber planting and processing
260 _aSri Lanka
_bRRISL
_c1984
650 _aBudgrafting
650 _aBudwood nurseries
650 _aClone identification
650 _aCyclized Rubber
650 _aDeproteinized NR
650 _aEffluent disposal
650 _aIntercropping
650 _aMineral deficiencies
650 _aPanel disease
650 _aRainguard
650 _aRoot diseases
650 _aSALB
650 _aTapping
700 _aLiyanage, A de S
700 _aPeries, O S
942 _cBK
999 _c39577
_d39577